000 00606nam a2200229Ia 4500
003 OSt
005 20220918182748.0
006 a|||||r|||| 00| 0
007 ta
008 220917b |||||||| |||| 00| 0 eng d
024 _a34,305
037 _cTextual
040 _aARTS
_cARTS
_beng
041 _2eng
_aeng
082 _aO15,2D80,1, F2
100 _aBhatta Narayana
245 0 _aVeni samharam with Eng tr and notes by Bhali Chandra Adarkar
260 _c1922
650 _aENGLISH LITERATURE
942 _hO15,2D80,1, F2
_cTEXL
_2CC
999 _c170262
_d170262